Gobierno de Horacio Vásquez 1924-1930 : (Registro nro. 8161)

Detalles MARC
000 -LIDER
fixed length control field 01605nam a2200373 a 4500
001 - NÚMERO DE CONTROL
Identificador de número de control 000044642
003 - IDENTIFICACDOR DE NÚMERO DE CONTROL
control field DO-SdBNP
005 - DATE AND TIME OF LATEST TRANSACTION
control field 20171011114203.0
007 - CAMPOS FIJOS DE DESCRIPCIÓN FÍSICA
fixed length control field 000044642
008 - ELEMENTOS DE LONGITUD FIJA
fixed length control field 141210s2014 dr ac 000 0 spa d
020 ## - ISBN
International Standard Book Number 9789945166316
040 ## - FUENTE DE CATALOGACIÓN
Agencia que crea de manera original el registro BPMSU
Idioma de catalogación spa
Agencia que realiza la transcripción BPMSU
082 ## - NÚMERO DE CLASIFICACIÓN DECIMAL DE DEWEY
Edition number
Classification number 972.93052
Item number T266g
100 1# - ASIENTO PRINCIPAL -- NOMBRE PERSONAL
Nombre personal Tejera, Eduardo J.
245 10 - MENCIÓN DE TITULO
Título Gobierno de Horacio Vásquez 1924-1930 :
Subtítulo democracia y desarrollo /
Mención de responsabilidad Eduardo J. Tejera ; edición Luis Cunillera.
260 ## - PUBLICACIÓN, DISTRIBUCIÓN, ETC. (PIE DE IMPRENTA)
Lugar de publicación, distribución, etc Santo Domingo :
Nombre del editor, distribuidor, etc. Búho,
Fecha de publicación, distribución, etc 2014.
300 ## - DESCRIPCIÓN FÍSICA
Extensión 298 p. :
Otros detalles físicos il., retrs. ;
Dimensiones 23 cm.
500 ## - NOTA GENERAL
Nota general Incluye referencias bibliográficas y notas al pie de las páginas
500 ## - NOTA GENERAL
Nota general Incluye datos biográficos del autor en las solapas
500 ## - NOTA GENERAL
Nota general Incluye índice onomástico
504 ## - NOTA DE BIBLIOGRAFÍA, ETC.
Bibliography, etc Bibliografía : p. 277-288
505 0# - NOTA DE CONTENIDO
Texto normalizado de contenido Síntesis histórica --
Título Gobierno de Horacio Vásquez --
-- Política económica y de desarollo --
-- Reforma constitucional y reelección: hacia el desastre --
-- Elecciones, traiciones y golpe de estado --
-- Vásquez; legado y balance de una vida.
600 14 - ENCABEZAMIENTO DE MATERIA--NOMBRE PERSONAL
Nombre personal VÁSQUEZ, HORACIO
Fechas asociadas con el nombre 1860-1936
650 #4 - ENCABEZAMIENTO DE MATERIA--TEMÁTICO
Término temático o nombre geográfico como elemento de entrada DEMOCRACIA
Subdivisión geográfica REPÚBLICA DOMINICANA
650 #4 - ENCABEZAMIENTO DE MATERIA--TEMÁTICO
Término temático o nombre geográfico como elemento de entrada DESARROLLO ECONÓMICO
651 #4 - ENCABEZAMIENTO DE MATERIA--NOMBRE GEOGRÁFICO
Nombre geográfico REPÚBLICA DOMINICANA
Subdivisión temática general HISTORIA
Subdivisión cronológica 1924-1930
651 #4 - ENCABEZAMIENTO DE MATERIA--NOMBRE GEOGRÁFICO
Nombre geográfico REPÚBLICA DOMINICANA
Subdivisión temática general CONDICIONES ECONÓMICAS
-- HISTORIA
Subdivisión cronológica 1924-1930
651 #4 - ENCABEZAMIENTO DE MATERIA--NOMBRE GEOGRÁFICO
Nombre geográfico REPÚBLICA DOMINICANA
Subdivisión temática general POLÍTICA Y GOBIERNO
Subdivisión cronológica 1924-1930
700 12 - ASIENTO SECUNDARIO -- NOMBRE PERSONAL
Nombre personal Cunillera, Luis
Mención de responsabilidad ed.
910 ## - VALIDACIÓN
Validación Validado. Control de calidad MFF
942 ## - ADDED ENTRY ELEMENTS (KOHA)
Source of classification or shelving scheme Dewey Decimal Classification
Koha item type Libros
945 ## - INFORMACIÓN DE PROCESAMIENTO LOCAL
Información de procesamiento local Inventariado / 2017 VM
956 ## - LOCAL ELECTRONIC LOCATION AND ACCESS (OCLC)
Nombre de host VMATEO
Número de acceso 10
Información de compresión 20150810
Inicio de sesión BPMSU
Procesador de solicitud 00151
Existencias
Withdrawn status Lost status Source of classification or shelving scheme Damaged status Not for loan Home library Current library Date acquired Source of acquisition Total Checkouts Full call number Barcode Date last seen Price effective from Koha item type
    Dewey Decimal Classification     Biblioteca Pública Metropolitana Salomé Ureña Biblioteca Pública Metropolitana Salomé Ureña 08/11/2015 Donativo Mediabyte   972.93052 T266g BPMSU15080274 08/11/2015 08/11/2015 Libros